| 000 | 00405nam a22001697a 4500 | ||
|---|---|---|---|
| 003 | OSt | ||
| 005 | 20211006084221.0 | ||
| 008 | 211006b |||||||| |||| 00| 0 eng d | ||
| 020 | _a0333776461 | ||
| 040 | _chu | ||
| 082 | _a302/gou | ||
| 100 |
_aberndan gough _910542 |
||
| 245 | _acritical social psychololgy an introduction | ||
| 260 |
_anew werk _bhall _c2001 |
||
| 300 | _a257 | ||
| 942 |
_2ddc _cBOOKS _n0 |
||
| 999 |
_c9779 _d9779 |
||